000 00604nam a2200217Ia 4500
003 0100
008 130303s9999 xx 000 0 und d
040 _cARRUPELIB
050 _aHT1394.I43034 1997
100 _aO'Hear, Ann
245 _aPower and relations in Nigeria
245 _bIlorin slaves and their successors
260 _aNew York
260 _bUniversity of Rochester Press
260 _C1997
300 _a338p.
300 _b 23 cm
440 _aRochester studies in African history and the diaspora
650 _bFoster, Edward Morgan - A passage to India
942 _2lcc
_01
999 _c61018
_d61018